| 000 | 00000cam 2200000zi 4500 |
| 001 | 9.961827 |
| 003 | CaOODSP |
| 005 | 20260528073600 |
| 006 | m o d f |
| 007 | cr bn||||||||| |
| 008 | 260410e201209##onc ob f000 0 eng d |
| 020 | |z9781100164687 |q(incorrect) |
| 040 | |aCaOODSP|beng|erda|cCaOODSP |
| 043 | |an-cn--- |
| 086 | 1 |aT52-4/308-2012E-PDF|zT52-4/55-2010E-PDF |
| 245 | 00|aStudy and reference guide for written examinations for the flight instructor rating : |bultra-light aeroplane. |
| 250 | |aFirst edition. |
| 264 | 1|a[Ottawa] : |bTransport Canada = Transports Canada, |cSeptember 2012. |
| 264 | 4|c©1977 |
| 300 | |a1 online resource (7 pages) |
| 336 | |atext|btxt|2rdacontent |
| 337 | |acomputer|bc|2rdamedia |
| 338 | |aonline resource|bcr|2rdacarrier |
| 500 | |aIssued also in French under title: Guide d'étude et de référence pour les examens écrits pour la qualification d'instructeur de vol : avion ultra-léger. |
| 500 | |aIncorrect catalogue number (T52-4/55-2010E-PDF) and ISBN (9781100164687) printed in this publication. |
| 500 | |a"TP 15210E (09/2012)." |
| 500 | |a"TC-1004943"--Verso of cover. |
| 504 | |aIncludes bibliographical references. |
| 650 | 0|aUltralight aircraft|xPiloting|zCanada|xExaminations|vStudy guides. |
| 650 | 0|aFlight training|zCanada|xExaminations|vStudy guides. |
| 655 | 7|aStudy guides|2lcgft |
| 710 | 1 |aCanada. |bTransport Canada, |eissuing body. |
| 775 | 08|tGuide d'étude et de référence pour les examens écrits pour la qualification d'instructeur de vol : |w(CaOODSP)9.963126 |
| 856 | 40|qPDF|s52.40 KB|uhttps://publications.gc.ca/collections/collection_2026/tc/T52-4-308-2012-eng.pdf |
| 856 | 40|qHTML|sN/A|uhttps://tc.canada.ca/en/aviation/publications/study-reference-guide-flight-instructor-rating-ultra-light-aeroplane-tp-15210 |
| 986 | |aTP 15210E |
| 986 | |aTC-1004943 |